|
|
|
|
| LEADER |
00000nam a2200000Ia 4500 |
| 008 |
180918b2002 cr ||||| |||| 00| | spa d |
| 999 |
|
|
|c 2396
|d 2396
|
| 090 |
|
|
|a 19.04.01
|b 573
|
| 111 |
|
|
|9 4241
|a Universidad de Costa Rica. Congreso Universitario (6 : 2002 : San José, Costa Rica )
|
| 245 |
1 |
0 |
|a Conferencias internacionales /
|c Universidad de Costa Rica
|
| 260 |
|
|
|a San José, Costa Rica :
|b Universidad de Costa Rica,
|c 2002
|
| 300 |
|
|
|a 91 páginas
|
| 500 |
|
|
|a UNIVERSIDAD DE COSTA RICA
|
| 650 |
1 |
4 |
|a CONFERENCIA
|9 506
|
| 650 |
1 |
4 |
|a EDUCACIÓN SUPERIOR
|9 8
|
| 650 |
1 |
4 |
|a UNIVERSIDADES
|9 16
|
| 942 |
|
|
|i 00652
|h 19.04.01 573
|2 z
|c 01
|